{"text_format":"1","workbook":"xlsx","n_sheets":3,"sheets":["Расчетная","МБМ18%","МБМ"],"not_rendered":{"charts":0,"images":1,"macros":1,"external_links":0,"defined_names":0,"comments":0,"pivot_tables":0},"unopened":[],"bounds":{"document_bytes":16777216,"sheet_cells":100000,"rows_first":2000,"rows_last":500,"rows_between":2000,"halvings":0,"cell_chars":16384,"cell_head_chars":4096},"cells_cut":0,"cells_raw":0,"read":"whole","date_system":"1900"}

{"sheet":"Расчетная","index":0,"n_rows":39,"n_cols":17,"rows_kept":39,"cut":false,"hidden":false,"merged":[]}
[]
[null,"Входящие цены",null,null,null,null,null,null,"Первичные цены",null,null,"Вторичные цены",null,null,"Цифры БЕЗ НДС18%"]
[]
[null,"Наименование","Хар-ки","кол-во","вход без%","вход","сумма",null,"Цена","Стоимость",null,"Цена","Стоимость",null,"Цена БЕЗ","Стоимость БЕЗ","НДС"]
[1,"Огнетушитель порошковый  ОП-2 (з)","АВСЕ",20,230,{"$f":"ROUNDUP(E5*1.18, 2)","v":271.39999999999998},{"$f":"F5*D5","v":5428},null,{"$f":"ROUNDUP(F5*$F$34+$D$34, 0)","v":503},{"$f":"I5*D5","v":10060},null,{"$f":"ROUNDUP(F5*$F$38+$D$38, 0)","v":623},{"$f":"L5*D5","v":12460},null,{"$f":"I5-(ROUNDUP((I5/1.18-I5)*(-1), 2))","v":426.27},{"$f":"O5*D5","v":8525.4},{"$f":"I5-O5","v":76.730000000000018}]
[2,"Огнетушитель порошковый  ОП-4(З)","ВСЕ",20,360,424.8,{"$f":"F6*D6","v":8496},null,710,{"$f":"I6*D6","v":14200},null,850,{"$f":"L6*D6","v":17000},null,{"$f":"I6-(ROUND((I6/1.18-I6)*(-1), 2))","v":601.69000000000005},{"$f":"O6*D6","v":12033.800000000001},{"$f":"I6-O6","v":108.30999999999995}]
[3,"Огнетушитель порошковый   ОП-5(з)","ВСЕ",55,410,483.8,{"$f":"F7*D7","v":26609},null,790,{"$f":"I7*D7","v":43450},null,{"$f":"ROUNDUP(F7*$F$38+$D$38, 0)","v":938},{"$f":"L7*D7","v":51590},null,{"$f":"I7-(ROUND((I7/1.18-I7)*(-1), 2))","v":669.49},{"$f":"O7*D7","v":36821.949999999997},{"$f":"I7-O7","v":120.50999999999999}]
[4,"Огнетушитель порошковый  ОП-35(з)","АВСЕ",21,3030,3575.4,{"$f":"F8*D8","v":75083.400000000009},null,4963,{"$f":"I8*D8","v":104223},null,5513,115773,null,{"$f":"I8-(ROUNDUP((I8/1.18-I8)*(-1), 2))","v":4205.93},88324.53,757.06999999999971]
[5," Огнетушитель углекислотный ОУ-2","ВСЕ",10,565,666.7,{"$f":"F9*D9","v":6667},null,1037,{"$f":"I9*D9","v":10370},null,1208,12080,null,{"$f":"I9-(ROUND((I9/1.18-I9)*(-1), 2))","v":878.81},8788.0999999999985,158.19000000000005]
[6,"Огнетушитель углекислотный ОУ-5","ВСЕ",2,1055,1244.9000000000001,{"$f":"F10*D10","v":2489.8000000000002},null,1817,{"$f":"I10*D10","v":3634},null,2064,4128,null,{"$f":"I10-(ROUNDUP((I10/1.18-I10)*(-1), 2))","v":1539.83},3079.66,277.17000000000007]
[7,"Огнетушитель углекислотный ОУ-10","АВСЕ",59,2620,{"$f":"ROUNDUP(E11*1.18, 2)","v":3091.6},182404.4,null,4310,254290,null,4797,283023,null,{"$f":"I11-(ROUNDUP((I11/1.18-I11)*(-1), 2))","v":3652.54},215499.86,657.46]
[8,"ЩП-В (Стенд пожарный закрытый «КОМ  с бункером для песка 0,1м3 \n (металлический)\n",null,10,4200,4956,49560,null,6827,68270,null,7556,75560,null,{"$f":"I12-(ROUND((I12/1.18-I12)*(-1), 2))","v":5785.59},57855.9,1041.4099999999999]
[9,"Щит пожарный металлический ЩП-В в комплекте",null,5,6695,7900.1,39500.5,null,10802,{"$f":"I13*D13","v":54010},null,11914,59570,null,9154.24,45771.199999999997,1647.7600000000002]
[10,"Щит пожарный металлический ЩП-Е в комплекте",null,2,9035,10661.3,21322.6,null,14529,{"$f":"I14*D14","v":29058},null,16000,32000,null,12312.71,24625.42,2216.2900000000009]
[11,"Ящик для песка 0,5куб.м",null,10,2350,2773,27730,null,3880,{"$f":"I15*D15","v":38800},null,4326,43260,null,3288.14,32881.4,591.86000000000013]
[12,"Лом пожарный ЛПЛ-Щ",null,5,399,470.82,2354.1,null,772,3860,null,918,4590,null,{"$f":"I16-(ROUNDUP((I16/1.18-I16)*(-1), 2))","v":654.23},3271.15,117.76999999999998]
[13,"Ножницы для резки проводов диэлектрические НД-1",null,1,800,944,944,null,1411,{"$f":"I17*D17","v":1411},null,1619,1619,null,{"$f":"I17-(ROUND((I17/1.18-I17)*(-1), 2))","v":1195.76},1195.76,215.24]
[14,"Коврик диэлектрический 1000х1000 мм ГОСТ 4997-75",null,1,850,{"$f":"ROUNDUP(E18*1.18, 2)","v":1003},1003,null,1491,{"$f":"I18*D18","v":1491},null,1706,1706,null,1263.56,1263.56,227.44000000000005]
[15,null,null,null,null,0,{"$f":"F19*D19","v":0},null,136,0,null,221,0,null,{"$f":"I19-(ROUND((I19/1.18-I19)*(-1), 2))","v":115.25},0,20.75]
[16,null,null,null,null,0,{"$f":"F20*D20","v":0},null,136,{"$f":"I20*D20","v":0},null,221,0,null,{"$f":"I20-(ROUNDUP((I20/1.18-I20)*(-1), 2))","v":115.25},0,20.75]
[17,null,null,null,null,0,{"$f":"F21*D21","v":0},null,136,{"$f":"I21*D21","v":0},null,221,0,null,{"$f":"I21-(ROUND((I21/1.18-I21)*(-1), 2))","v":115.25},0,20.75]
[18,null,null,null,null,0,{"$f":"F22*D22","v":0},null,136,{"$f":"I22*D22","v":0},null,221,0,null,{"$f":"I22-(ROUNDUP((I22/1.18-I22)*(-1), 2))","v":115.25},0,20.75]
[19,null,null,null,null,0,{"$f":"F23*D23","v":0},null,136,0,null,221,0,null,{"$f":"I23-(ROUNDUP((I23/1.18-I23)*(-1), 2))","v":115.25},0,20.75]
[20,null,null,null,null,0,0,null,136,0,null,221,0,null,{"$f":"I24-(ROUND((I24/1.18-I24)*(-1), 2))","v":115.25},0,20.75]
[21,null,null,null,null,0,0,null,136,{"$f":"I25*D25","v":0},null,221,0,null,115.25,0,20.75]
[22,null,null,null,null,0,0,null,136,{"$f":"I26*D26","v":0},null,221,0,null,115.25,0,20.75]
[23,null,null,null,null,0,0,null,136,0,null,221,0,null,115.25,0,20.75]
[24,null,null,null,null,0,0,null,136,0,null,221,0,null,{"$f":"I28-(ROUNDUP((I28/1.18-I28)*(-1), 2))","v":115.25},0,20.75]
[25,null,null,null,null,0,0,null,136,{"$f":"I29*D29","v":0},null,221,0,null,115.25,0,20.75]
[26,null,null,null,null,{"$f":"ROUNDUP(E30*1.18, 2)","v":0},0,null,136,{"$f":"I30*D30","v":0},null,221,0,null,115.25,0,20.75]
[null,null,null,null,null,{"$f":"ROUNDUP(E31*1.18, 2)","v":0},{"$f":"F31*D31","v":0},null,136,{"$f":"I31*D31","v":0},null,{"$f":"ROUNDUP(F31*$F$38+$D$38, 0)","v":221},{"$f":"L31*D31","v":0},null,{"$f":"I31-(ROUND((I31/1.18-I31)*(-1), 2))","v":115.25},{"$f":"O31*D31","v":0},{"$f":"I31-O31","v":20.75}]
[]
[null,null,null,"дос на поз",null,"Накрутка","сумм зак","доставка","выручка","сумма ","НДС18%","выручка","сумма","НДС18%",null,"сумма "]
[null,null,null,{"$f":"ROUNDUP(H34/SUM(D5:D33), 0)","v":136},{"$f":"SUM(E5:E31)","v":32599},1.35,{"$f":"SUM(G5:G31)","v":449591.79999999993},30000,{"$f":"J34-G34-H34","v":157535.20000000007},{"$f":"SUM(J5:J31)","v":637127},{"$f":"ROUNDUP((J34/1.18-J34)*(-1),2)","v":97188.87},{"$f":"M34-H34-G34","v":234767.20000000007},{"$f":"SUM(M5:M31)","v":714359},{"$f":"ROUNDUP((M34/1.18-M34)*(-1),2)","v":108970.01999999999},null,{"$f":"SUM(P5:P32)","v":539937.69000000006}]
[null,null,null,null,null,null,null,null,null,{"$f":"I34/(J34/100)/100","v":0.24725870980197051},null,null,null,null,null,{"$f":"J34-P34","v":97189.309999999939}]
[]
[null,null,null,"дос на поз",null,"Накрутка","сумм зак","доставка","выручка","сумма ","НДС18%"]
[null,null,null,{"$f":"ROUNDUP(H38/SUM(D20:D37), 0)","v":221},{"$f":"SUM(E20:E34)-E34","v":0},1.48,{"$f":"SUM(G5:G30)","v":449591.79999999993},30000,{"$f":"J38-G38-H38","v":234767.20000000007},{"$f":"SUM(M5:M31)","v":714359},{"$f":"ROUNDUP((J38/1.18-J38)*(-1),2)","v":108970.01999999999}]
[null,null,null,null,null,null,null,null,null,{"$f":"I38/(J38/100)/100","v":0.32864036149891029}]

{"sheet":"МБМ18%","index":1,"n_rows":35,"n_cols":7,"rows_kept":35,"cut":false,"hidden":false,"merged":[[27,1,27,6],[22,3,22,5],[23,3,23,5],[1,1,1,7],[3,1,3,6],[5,1,5,6],[25,1,25,6],[26,1,26,6]]}
[]
[null,"Коммерческое предложение"]
[]
[null,"Для  ."]
[]
[null,"Добрый день, предлагаем рассмотреть предложение на поставку оборудования:"]
[]
[null,"№","Товар","Кол-во","Ед.","Цена (с НДС 18%), руб.","Сумма (с НДС 18%), руб."]
[null,1,{"$f":"Расчетная!B5&\" (\"&(Расчетная!C5)&\")\"","v":"Огнетушитель порошковый  ОП-2 (з) (АВСЕ)"},{"$f":"Расчетная!D5","v":20},"шт.",{"$f":"Расчетная!L5","v":623},{"$f":"Расчетная!M5","v":12460}]
[null,2,{"$f":"Расчетная!B6&\" (\"&(Расчетная!C6)&\")\"","v":"Огнетушитель порошковый  ОП-4(З) (ВСЕ)"},{"$f":"Расчетная!D6","v":20},"шт.",{"$f":"Расчетная!L6","v":850},{"$f":"Расчетная!M6","v":17000}]
[null,3,{"$f":"Расчетная!B7&\" (\"&(Расчетная!C7)&\")\"","v":"Огнетушитель порошковый   ОП-5(з) (ВСЕ)"},{"$f":"Расчетная!D7","v":55},"шт.",{"$f":"Расчетная!L7","v":938},{"$f":"Расчетная!M7","v":51590}]
[null,4,{"$f":"Расчетная!B8&\" (\"&(Расчетная!C8)&\")\"","v":"Огнетушитель порошковый  ОП-35(з) (АВСЕ)"},{"$f":"Расчетная!D8","v":21},"шт.",{"$f":"Расчетная!L8","v":5513},{"$f":"Расчетная!M8","v":115773}]
[null,5,{"$f":"Расчетная!B9&\" (\"&(Расчетная!C9)&\")\"","v":" Огнетушитель углекислотный ОУ-2 (ВСЕ)"},{"$f":"Расчетная!D9","v":10},"шт.",{"$f":"Расчетная!L9","v":1208},{"$f":"Расчетная!M9","v":12080}]
[null,6,{"$f":"Расчетная!B10&\" (\"&(Расчетная!C10)&\")\"","v":"Огнетушитель углекислотный ОУ-5 (ВСЕ)"},{"$f":"Расчетная!D10","v":2},"шт.",{"$f":"Расчетная!L10","v":2064},{"$f":"Расчетная!M10","v":4128}]
[null,7,{"$f":"Расчетная!B11&\" (\"&(Расчетная!C11)&\")\"","v":"Огнетушитель углекислотный ОУ-10 (АВСЕ)"},{"$f":"Расчетная!D11","v":59},"шт.",{"$f":"Расчетная!L11","v":4797},{"$f":"Расчетная!M11","v":283023}]
[null,8,{"$f":"Расчетная!B12&\" (\"&(Расчетная!C12)&\")\"","v":"ЩП-В (Стенд пожарный закрытый «КОМ  с бункером для песка 0,1м3 \n (металлический)\n ()"},{"$f":"Расчетная!D12","v":10},"шт.",{"$f":"Расчетная!L12","v":7556},{"$f":"Расчетная!M12","v":75560}]
[null,9,{"$f":"Расчетная!B13&\" (\"&(Расчетная!C13)&\")\"","v":"Щит пожарный металлический ЩП-В в комплекте ()"},{"$f":"Расчетная!D13","v":5},"шт.",{"$f":"Расчетная!L13","v":11914},{"$f":"Расчетная!M13","v":59570}]
[null,10,{"$f":"Расчетная!B14&\" (\"&(Расчетная!C14)&\")\"","v":"Щит пожарный металлический ЩП-Е в комплекте ()"},{"$f":"Расчетная!D14","v":2},"шт.",{"$f":"Расчетная!L14","v":16000},{"$f":"Расчетная!M14","v":32000}]
[null,11,{"$f":"Расчетная!B15&\" (\"&(Расчетная!C15)&\")\"","v":"Ящик для песка 0,5куб.м ()"},{"$f":"Расчетная!D15","v":10},"шт.",{"$f":"Расчетная!L15","v":4326},{"$f":"Расчетная!M15","v":43260}]
[null,12,{"$f":"Расчетная!B16&\" (\"&(Расчетная!C16)&\")\"","v":"Лом пожарный ЛПЛ-Щ ()"},{"$f":"Расчетная!D16","v":5},"шт.",{"$f":"Расчетная!L16","v":918},{"$f":"Расчетная!M16","v":4590}]
[null,13,{"$f":"Расчетная!B17&\" (\"&(Расчетная!C17)&\")\"","v":"Ножницы для резки проводов диэлектрические НД-1 ()"},{"$f":"Расчетная!D17","v":1},"шт.",{"$f":"Расчетная!L17","v":1619},{"$f":"Расчетная!M17","v":1619}]
[null,14,{"$f":"Расчетная!B18&\" (\"&(Расчетная!C18)&\")\"","v":"Коврик диэлектрический 1000х1000 мм ГОСТ 4997-75 ()"},{"$f":"Расчетная!D18","v":1},"шт.",{"$f":"Расчетная!L18","v":1706},{"$f":"Расчетная!M18","v":1706}]
[null,null,null,"Итого:",null,null,{"$f":"Расчетная!M34","v":714359}]
[null,null,null,"В том числе НДС 18%:",null,null,{"$f":"Расчетная!N34","v":108970.01999999999}]
[]
[null,"- Срок поставки 20 дней;"]
[null,"- Цена указана с учетом доставки до г. Архангельск;"]
[null,"- Оплата в размере 100% по факту поставки товара Покупателю."]
[]
[null,"С уважением, "]
[null,"Менеджер отдела продаж   «МБМ-Сервис»"]
[null,"Дернов Илья Николаевич"]
[null,"Тел.(342)228-16-16, доп.146; т/ф 228-11-28"]
[null,"e-mail: din@mbm-group.ru"]
[null,"сайт:  www.mbm-group.ru"]

{"sheet":"МБМ","index":2,"n_rows":35,"n_cols":7,"rows_kept":35,"cut":false,"hidden":false,"merged":[[26,1,26,6],[27,1,27,6],[1,1,1,7],[3,1,3,6],[5,1,5,6],[22,3,22,5],[23,3,23,5],[25,1,25,6]]}
[]
[null,"Коммерческое предложение"]
[]
[null,"Для ."]
[]
[null,"Добрый день, предлагаем рассмотреть предложение на поставку оборудования:"]
[]
[null,"№","Товар","Кол-во","Ед.","Цена (Без НДС 18%), руб.","Сумма (Без НДС 18%), руб."]
[null,1,{"$f":"Расчетная!B5&\" (\"&(Расчетная!C5)&\")\"","v":"Огнетушитель порошковый  ОП-2 (з) (АВСЕ)"},{"$f":"Расчетная!D5","v":20},"шт.",{"$f":"Расчетная!O5","v":426.27},{"$f":"Расчетная!P5","v":8525.4}]
[null,2,{"$f":"Расчетная!B6&\" (\"&(Расчетная!C6)&\")\"","v":"Огнетушитель порошковый  ОП-4(З) (ВСЕ)"},{"$f":"Расчетная!D6","v":20},"шт.",{"$f":"Расчетная!O6","v":601.69000000000005},{"$f":"Расчетная!P6","v":12033.800000000001}]
[null,3,{"$f":"Расчетная!B7&\" (\"&(Расчетная!C7)&\")\"","v":"Огнетушитель порошковый   ОП-5(з) (ВСЕ)"},{"$f":"Расчетная!D7","v":55},"шт.",{"$f":"Расчетная!O7","v":669.49},{"$f":"Расчетная!P7","v":36821.949999999997}]
[null,4,{"$f":"Расчетная!B8&\" (\"&(Расчетная!C8)&\")\"","v":"Огнетушитель порошковый  ОП-35(з) (АВСЕ)"},{"$f":"Расчетная!D8","v":21},"шт.",{"$f":"Расчетная!O8","v":4205.93},{"$f":"Расчетная!P8","v":88324.53}]
[null,5,{"$f":"Расчетная!B9&\" (\"&(Расчетная!C9)&\")\"","v":" Огнетушитель углекислотный ОУ-2 (ВСЕ)"},{"$f":"Расчетная!D9","v":10},"шт.",{"$f":"Расчетная!O9","v":878.81},{"$f":"Расчетная!P9","v":8788.0999999999985}]
[null,6,{"$f":"Расчетная!B10&\" (\"&(Расчетная!C10)&\")\"","v":"Огнетушитель углекислотный ОУ-5 (ВСЕ)"},{"$f":"Расчетная!D10","v":2},"шт.",{"$f":"Расчетная!O10","v":1539.83},{"$f":"Расчетная!P10","v":3079.66}]
[null,7,{"$f":"Расчетная!B11&\" (\"&(Расчетная!C11)&\")\"","v":"Огнетушитель углекислотный ОУ-10 (АВСЕ)"},{"$f":"Расчетная!D11","v":59},"шт.",{"$f":"Расчетная!O11","v":3652.54},{"$f":"Расчетная!P11","v":215499.86}]
[null,8,{"$f":"Расчетная!B12&\" (\"&(Расчетная!C12)&\")\"","v":"ЩП-В (Стенд пожарный закрытый «КОМ  с бункером для песка 0,1м3 \n (металлический)\n ()"},{"$f":"Расчетная!D12","v":10},"шт.",{"$f":"Расчетная!O12","v":5785.59},{"$f":"Расчетная!P12","v":57855.9}]
[null,9,{"$f":"Расчетная!B13&\" (\"&(Расчетная!C13)&\")\"","v":"Щит пожарный металлический ЩП-В в комплекте ()"},{"$f":"Расчетная!D13","v":5},"шт.",{"$f":"Расчетная!O13","v":9154.24},{"$f":"Расчетная!P13","v":45771.199999999997}]
[null,10,{"$f":"Расчетная!B14&\" (\"&(Расчетная!C14)&\")\"","v":"Щит пожарный металлический ЩП-Е в комплекте ()"},{"$f":"Расчетная!D14","v":2},"шт.",{"$f":"Расчетная!O14","v":12312.71},{"$f":"Расчетная!P14","v":24625.42}]
[null,11,{"$f":"Расчетная!B15&\" (\"&(Расчетная!C15)&\")\"","v":"Ящик для песка 0,5куб.м ()"},{"$f":"Расчетная!D15","v":10},"шт.",{"$f":"Расчетная!O15","v":3288.14},{"$f":"Расчетная!P15","v":32881.4}]
[null,12,{"$f":"Расчетная!B16&\" (\"&(Расчетная!C16)&\")\"","v":"Лом пожарный ЛПЛ-Щ ()"},{"$f":"Расчетная!D16","v":5},"шт.",{"$f":"Расчетная!O16","v":654.23},{"$f":"Расчетная!P16","v":3271.15}]
[null,13,{"$f":"Расчетная!B17&\" (\"&(Расчетная!C17)&\")\"","v":"Ножницы для резки проводов диэлектрические НД-1 ()"},{"$f":"Расчетная!D17","v":1},"шт.",{"$f":"Расчетная!O17","v":1195.76},{"$f":"Расчетная!P17","v":1195.76}]
[null,14,{"$f":"Расчетная!B18&\" (\"&(Расчетная!C18)&\")\"","v":"Коврик диэлектрический 1000х1000 мм ГОСТ 4997-75 ()"},{"$f":"Расчетная!D18","v":1},"шт.",{"$f":"Расчетная!O18","v":1263.56},{"$f":"Расчетная!P18","v":1263.56}]
[null,null,null,"Итого:",null,null,{"$f":"Расчетная!P34","v":539937.69000000006}]
[]
[]
[null,"- Срок поставки 20 дней;"]
[null,"- Цена указана с учетом доставки до г. Архангельск;"]
[null,"- Оплата в размере 100% по факту поставки товара Покупателю."]
[]
[null,"С уважением, "]
[null,"Менеджер отдела продаж   «МБМ-Сервис»"]
[null,"Дернов Илья Николаевич"]
[null,"Тел.(342)228-16-16, доп.146; т/ф 228-11-28"]
[null,"e-mail: din@mbm-group.ru"]
[null,"сайт:  www.mbm-group.ru"]